000 01605nam a2200493 i 4500
001 2839
003 KOSZ 005
005 20200429144606.0
008 040519s1976 pl a f |000 0 pol
015 _aUWD 1976/8560
035 _a991023630679705066
035 _a(PL-WaBN)b16474089-48omnis_nlop
035 _ab16474089
035 _a(OCoLC)830602431
035 _a(PL)b0000001647408
035 _a(EXLNZ-48OMNIS_NETWORK)9910117555005606
040 _aWA N
_cWA N
_dKOSZ 005/HR
041 0 _apol
080 _a69
080 _a338.45
100 1 _aGoryński, Juliusz
_d(1911-1986)
_eAutor
245 1 0 _aEkonomika budownictwa i polityka budowlana /
_cJuliusz Goryński.
250 _aWyd. 2 zm.
260 _aWarszawa :
_bPańst. Wydaw. Ekonomiczne,
_c1976.
300 _a433, [3] s., il., tab., wykr. :
_b22 cm.
336 _2rdacontent
_aTekst
_btxt
337 _2rdamedia
_aBez urządzenia pośredniczącego
_bn
338 _2rdacarrier
_aWolumin
_bnc
380 _aKsiążki
380 _aPublikacje dydaktyczne
388 _a1901-2000
388 _a1945-1989
500 _aWyd. poprz. pt.: Ekonomika budownictwa.
504 _aBibliogr. przy rozdz.
650 7 _aBudownictwo
_2DBN
650 7 _aEkonomia
655 7 _aPodręcznik
_2DBN
658 _aArchitektura i budownictwo
658 _aGospodarka, ekonomia, finanse
710 2 _aPaństwowe Wydawnictwo Ekonomiczne
_4pbl
856 _uhttp://koha.tu.koszalin.pl/cgi-bin/koha/opac-detail.pl?biblionumber=2839
_zKatalog online BPK
942 _2UKD
_cKS
999 _c2839
_d2839